• 首页
  • 本馆介绍
  • 公告通知
  • 最新文献
  • 馆藏检索
  • 电子资源
  • 读者导购
  • 参考咨询
  • 我的图书馆
  • 登录
  • 详细信息显示
  • 放入我的书架
  • 预约/预借图书
  • 作者相关作品
  • 分类相关作品
  • 丛书相关作品
  • 出版社相关作品

书目信息

  • 表格格式
  • 工作单格式
  • 卡片格式
题名:
毛泽东评点古今诗书文章
    
 
作者: 柳文郁 , 唐夫 主编
分册: 中  
出版信息: 北京   红旗出版社  1998
页数: 429-891页
开本: 21cm
丛书名:
单 册:
中图分类: A46
科图分类:
主题词: 毛泽东著作研究--专题汇编 , 毛泽东著作--专题汇编
电子资源:
ISBN: 7-5051-0242-7
000 00636nam0 2200205 45
001 1260727516
005 20121003165336.64
010    @a7-5051-0242-7@dCNY25.00
100    @a20040424d1998 km y0chiy0120 ea
101 0  @achi
200 1  @a毛泽东评点古今诗书文章@AMao Ze Dong Ping Dian Gu Jin Shi Shu Wen Zhang@h中@f柳文郁,唐夫主编@FLiu Wen Yu,Tang Fu Zhu Bian
210    @a北京@c红旗出版社@d1998
215    @a429-891页@c照片@d21cm
606 0  @a毛泽东著作研究@x专题汇编
606 0  @a毛泽东著作@x专题汇编
690    @aA46@v4
701  0 @a柳文郁@4主编
701  0 @a唐夫@4主编
801    @aCN@bPftUser@c20040424
905    @a10447@dA46@eJY11:2
    
    毛泽东评点古今诗书文章.中/柳文郁,唐夫主编.-北京:红旗出版社,1998
    429-891页:照片;21cm
    
    
    ISBN 7-5051-0242-7:CNY25.00
    
●
相关链接 在E读中查询图书 在五车中查询图书 在当当中查询图书 在豆瓣中查询图书


正题名:毛泽东评点古今诗书文章     索取号:A46/JY11:2         预约/预借

序号 登录号 条形码 馆藏地/架位号 状态 备注
1 7800374   278003740   学院路分馆/ [索取号:A46/JY11:2] 在馆    
2 7800375   278003759   学院路分馆/ [索取号:A46/JY11:2] 在馆    
唐山师范学院图书馆 欢迎您!
大连网信软件有限公司© 版权所有